Otvorenie a uzavretie účtovných kníh u právnických osôb

Otvorenie účtovných kníh a postup otvorenia účtovných kníh. Postup uzavretia účtovných kníh. Špecifiká otvorenia a uzavretia účtovných kníh. Zmena právnej formy, likvidácia a konkurz.

Na minha lista:
Detalhes bibliográficos
Autor principal: Adamíková, Monika
Formato: Capítulo de Livro
Idioma:eslovaco
Assuntos:
Tags: Adicionar Tag
Sem tags, seja o primeiro a adicionar uma tag!

MARC

LEADER 00000naa a2200000 4500
001 0279268
005 20211025115550.1
041 0 |a slo 
044 |a SK 
245 1 0 |a Otvorenie a uzavretie účtovných kníh u právnických osôb  |c Monika Adamíková 
520 |a Otvorenie účtovných kníh a postup otvorenia účtovných kníh. Postup uzavretia účtovných kníh. Špecifiká otvorenia a uzavretia účtovných kníh. Zmena právnej formy, likvidácia a konkurz. 
610 2 0 |a účtovníctvo podvojné 
610 2 0 |a knihy účtovné 
610 2 0 |a osoby právnické 
610 2 0 |a konkurzy 
610 2 0 |a likvidácia 
610 2 0 |a legislatíva 
100 1 |a Adamíková, Monika